Sledovanie nutričných parametrov anatomických celkov Mangalice Plavej
Saved in:
| Main Author: | |
|---|---|
| Other Authors: | |
| Format: | Manuscript Book |
| Language: | Slovak |
| Published: |
2020
|
| Subjects: | |
| Online Access: | http://is.stuba.sk/zp/portal_zp.pl?podrobnosti=150686 |
| Tags: |
No Tags, Be the first to tag this record!
|
MARC
| LEADER | 00000ntm a22000003a 4500 | ||
|---|---|---|---|
| 001 | stuzp80166 | ||
| 003 | SK-STU | ||
| 005 | 20200627211155.1 | ||
| 007 | ta | ||
| 008 | 150427s2015----xo-----f-mn---000-0-slo-d | ||
| 040 | |a STU |b slo | ||
| 041 | 0 | |a slo | |
| 100 | 1 | |a Baranovičová, Erika |u 040250 |k Z4 |4 aut |U FCHPT Ústav potravinárstva a výživy |T FCHPT Oddelenie potravinárskej technológie |X 76799 |U C0250 |Y 685 |7 76799 | |
| 242 | 0 | 1 | |a Monitoring of nutritional parameters of anatomical units of Mangalica Plava |y eng |
| 245 | 1 | 0 | |a Sledovanie nutričných parametrov anatomických celkov Mangalice Plavej |
| 260 | |c 2020 | ||
| 650 | 4 | |a Mangalica |2 slo | |
| 650 | 4 | |a fyzikálno-chemické vlastnosti |2 slo | |
| 650 | 4 | |a nutričné parametre |2 slo | |
| 650 | 4 | |a dotazník |2 slo | |
| 650 | 4 | |a Mangalica |2 eng | |
| 650 | 4 | |a physico-chemical properties |2 eng | |
| 650 | 4 | |a nutritional parameters |2 eng | |
| 650 | 4 | |a questionnaire |2 eng | |
| 700 | 1 | |a Staruch, Ladislav |u 040250 |k Z1 |4 ths |U FCHPT Ústav potravinárstva a výživy |T FCHPT Oddelenie potravinárskej technológie |X 4142 |U C0250 |Y 685 |7 A000004142 | |
| 856 | 4 | |u http://is.stuba.sk/zp/portal_zp.pl?podrobnosti=150686 | |